000 00845nam a22002897a 4500
003 CHAP
005 20220329140214.0
008 971013s1969 r 00010 d
010 _a48529
011 _a49501
035 _a53650
040 _cCHAP
082 _a581.1
_bS3
100 0 0 _aSalisbury, Frank B.
_9101737
245 _aPlant physiology
260 _aBelmont, Cal. :
_bWadsworth Pub.,
_c1969
300 _a747 p.
_b: ilus.
590 _aBATCH-UPD
_b10
_c20130110
_lUCH01
_h1647
590 _aBATCH-UPD
_b10
_c20130410
_lUCH01
_h1037
590 _aBATCH-UPD
_b10
_c20130914
_lUCH01
_h1412
590 _aCONVERSION
_b10
_c20130109
_lUCH01
_h1326
650 1 4 _aFisiologĂ­a vegetal.
_941136
700 0 _aRoss, Cleon W.
_9100172
901 _aBK
942 _cLIBRO
949 _a581.1 S3
_bBC
_cLIBRO
_d-118838
_eLIBRO
_h14938
_i53650
_si
_t310.00
999 _c48529
_d48529